Score 0/20 Timer 06:00
14 Plays Today
% Correct
Elizabeth Swann
94.6%
Vivian Ward
93.5%
Hermione Granger
93.5%
Mary Jane Watson
92%
Gamora
90%
Ennis Del Mar
87.9%
Sophie Sheridan
87.8%
Lisa Fremont
86%
Molly Jensen
85.1%
Cady Heron
85%
% Correct
Rita
83.2%
Letty Ortiz
83.1%
Honey Ryder
83.1%
Allie Hamilton
82.3%
Kat Stratford
81.9%
Sloane Peterson
81.3%
Gabriella Montez
76.3%
Lara Jean Covey
73.5%
Selby Wall
72.6%
Adrian Pennino
71.4%

You're not logged in!

Compare scores with friends on all Sporcle quizzes.
OR
Log In

Sporcle TV

Today on Sporcle TV


Watch our educational content, quiz creation guides, and fun videos on Sporcle TV.

Show Comments

Extras

Top Quizzes Today


Score Distribution

Paid Content

Your Account Isn't Verified!

In order to create a playlist on Sporcle, you need to verify the email address you used during registration. Go to your Sporcle Settings to finish the process.

Report this User

Report this user for behavior that violates our Community Guidelines.

Details: